FUNDAMENTALS OF COMMUNICATION (Record no. 18331)

MARC details
000 -LEADER
fixed length control field 00351nam a22001577a 4500
003 - CONTROL NUMBER IDENTIFIER
control field SGT
020 ## - INTERNATIONAL STANDARD BOOK NUMBER
International Standard Book Number 9788131705735
082 ## - DEWEY DECIMAL CLASSIFICATION NUMBER
Classification number 321.382,PRO
100 ## - MAIN ENTRY--PERSONAL NAME
Personal name PROAKIS,JOHN.G.
245 ## - TITLE STATEMENT
Title FUNDAMENTALS OF COMMUNICATION
250 ## - EDITION STATEMENT
Edition statement 14TH
260 ## - PUBLICATION, DISTRIBUTION, ETC. (IMPRINT)
Place of publication, distribution, etc CHENNAI
Name of publisher, distributor, etc PEARSON
Year of Publication 2013
300 ## - PAGE DESCRIPTION
No. of Pages 858
650 ## - SUBJECT ADDED ENTRY--TOPICAL TERM
Topical term or geographic name as entry element ELECTRICAL ENGINEERING
942 ## - ADDED ENTRY ELEMENTS (KOHA)
Source of classification or shelving scheme Dewey Decimal Classification
Koha item type Books
Holdings
Withdrawn status Lost status Source of classification or shelving scheme Damaged status Not for loan Collection code Home library Current library Shelving location Date acquired Vendor Name Cost, normal purchase price SGTU Bill Number Full call number Accession No. (Barcode) Date last seen Bill Date Koha item type Total Checkouts
    Dewey Decimal Classification   Not For Loan ENGINEERING SGT Engineering Library SGT Engineering Library Reference Book 19/06/2019 KIRTI PRAKASHAN 979.00 SGTU IN3435 321.382,PRO FE7392 19/06/2019 29/03/2019 Books  
    Dewey Decimal Classification     ENGINEERING SGT Engineering Library SGT Engineering Library Text Book 19/06/2019 KIRTI PRAKASHAN 979.00 SGTU IN3435 321.382,PRO FE7393 19/06/2019 29/03/2019 Books